01097nam a2200241 i 450000100060000000300090000600500170001500700030003200800410003502000180007610000370009424500560013126001180018730000200030550000620032550501670038754600660055465000230062071000460064385200300068999900170071995201190073668120ES-MaACL20260303141307.0t|040610s1986 sp ||||1| spa d a84-00-06239-60 aGaos, Vicente,d1919-198095390610aTraducciones poéticas completas / cVicente Gaos. aValencia : bInstitución Alfonso el Magnánimo : bInstitució Valenciana d'Estudis i Investigació, c1986. a2 v. ; c20 cm. aTextos bilingües, a excepción de los Boris Pasternak.8 aContiene: V. I.: Dante Alighieri, J.A. Rimbaud, Ch. Péguy y B. Pasternak. -- V. II.: W. Shakespeare, P.B. Shelley, T.E. Hulme, E. Pound, T.S. Eliot y R.M. Rilke aTextos en castellano, inglés, francés, aleman e italiano.04aPoesías.91667962 aInstitució Alfons el Magnànim9173001 aES-MaACLjP-32 bR.112596 c68120d68120 00104070aATENEOMbATENEOMcDEPO2d2008-01-17eSCl0oP-32p1071313r2023-02-23 00:00:00w2023-02-23yMONOGRAFIA